| 000 | 00545nam a2200229 a 4500 | ||
|---|---|---|---|
| 001 | nice12345678 | ||
| 003 | IN_TiNIC | ||
| 005 | 20260116011445.0 | ||
| 008 | 050524s1960 phia grp 000 0 eng | ||
| 020 |
_a _c74.25 |
||
| 082 | 0 | 0 |
_a220.93 _bWRI |
| 100 | _aWright, G Ernest | ||
| 245 | _aBiblical Archaeology. | ||
| 260 |
_aPhiladelphia _bWestminster Press _c1960 |
||
| 300 | _a198p | ||
| 500 | _aincludes index and biblioraphy | ||
| 505 | 2 | _aIndex | |
| 700 | 1 | _aWright, G Ernest | |
| 902 | _bSRS | ||
| 942 | _cBK | ||
| 999 |
_c1702 _d1702 |
||